|
|
|
|
| LEADER |
00000nam0a2200000 4500 |
| 001 |
124456 |
| 005 |
20231031130929.0 |
| 035 |
|
|
|a (RuTPU)RU\TPU\book\134689
|
| 090 |
|
|
|a 124456
|
| 100 |
|
|
|a 20071101d1990 m y0rusy5003 ca
|
| 101 |
1 |
|
|a rus
|c dan
|
| 102 |
|
|
|a RU
|
| 105 |
|
|
|a a z 000ay
|
| 200 |
1 |
|
|a Дитте - дитя человеческое
|e Роман
|f М. Андерсен-Нексе
|g пер.с дат. А. Ганзен ; авт. предисл. П. Топер
|
| 210 |
|
|
|a Москва
|c Правда
|d 1990
|
| 215 |
|
|
|a 688 с.
|d 20 см.
|c ил.
|
| 610 |
1 |
|
|a датская литература
|
| 610 |
1 |
|
|a романы
|
| 675 |
|
|
|a 839.8
|z rus
|
| 700 |
|
1 |
|a Андерсен-Нексе
|b М.
|g Мартин
|4 070
|
| 702 |
|
1 |
|a Ганзен
|b А.
|4 730
|
| 702 |
|
1 |
|a Топер
|b П.
|4 080
|
| 801 |
|
0 |
|a RU
|b RuMRKP
|c 19950704
|g psbo
|
| 801 |
|
1 |
|a RU
|b 63413507
|c 20071101
|g PSBO
|
| 801 |
|
2 |
|a RU
|b 63413507
|c 20071101
|g PSBO
|
| 942 |
|
|
|c BK
|